Chansons de Blackpink - Statistiques

Statistiques générales
  • Ce quiz a été pris 71 fois
  • Le résultat moyen est 17 sur 32
Statistiques - réponses
Lettre Chansons % Correct
B Boombayah
78%
K Kill this love
78%
I Ice Cream
71%
A As if it's your last
69%
H How You Like That
69%
P Pink Venom
69%
K Kick It
67%
W Whistle
64%
D Ddu-du Ddu-du
62%
L Lovesick girls
62%
F Forever Young
60%
B Bet you wanna
56%
P Pretty savage
56%
S Stay
56%
T Tally
53%
T The happiest girl
51%
T Typa girl
51%
C Crazy over you
49%
P Playing with fire
49%
R Ready for love
49%
S Shut down
49%
K Jump
47%
L Love to hate me
47%
S Sour candy
47%
T The girls
42%
D Don’t Know What to Do
40%
R Really
40%
H Hope Not
38%
K Kiss and make up
38%
H Hard to Love
36%
Y Yeah Yeah Yeah
33%
S See U later
24%
Aucun quiz correspondant
Distribution des résultats
% des personnes avec chaque résultat
Percentile par nombre de réponses
Votre historique - résultats
Vous n’avez pas pris ce quiz